000 04079nam a2200445 a 4500
005 2009121207417.0
008 060711r20081994mnua j 000 1 eng
010 _aB-387511-527
020 _a9788128620072
_c90.00
035 _aB-387511-527
037 _bBlueberry Books
040 _adpl
_bEnglish
082 _a393.3
100 _aMalam, John
245 _aMummies /
_cby John Malam ; illustrated by Hemant Arya...[et al]
260 _bEuro Books
_c2008
_aMumbai
270 _aDani Corporate Park, 158, Vidyanagri Marg, Kalina, Santacruz
_bMumbai
_e400098
300 _a32p.
_c26cm(pbk)
_bcol. ill
490 _aAmazing history; edited by Jean Coppendale
500 _aIncludes glossary and index
942 _2ddc
_cCH
_mMAL
_h393.3
999 _c32650
_d32650